000 02143nam a2200505 i 4500
999 _c50977
_d50977
001 50977
003 ES-MaCES
005 20181011132119.0
008 181004s2018 sp o000 | spa d
017 _aM 22045-2018
_bDL
020 _a9788491486466
040 _aES-MaCES
_bspa
_cES-MaCES
041 0 _aspa
_afre
_aita
111 2 _939287
_aCongreso Internacional sobre la Exclusión Social, Situación Actual desde el Derecho Comparado
_n
_d2017
_cMadrid
245 1 3 _aLa exclusion social
_b: estudio comparado desde la perspectiva jurídica laboral y constitucional
_c[recoge las ponencias presentas en el I Congreso Internacional sobre la Exclusión Social, Situación Actual desde el Derecho Comparado, celebradas en la Universidad Rey Juan Carlos, el 5 y 26 de mayo de 2017] ; dir., Raquel Yolanda Quintanilla Navarro ; coord., Oscar Ignacio Mateos y de Cabo ; autores, Sara Alcázar Ortiz ... [et al.]
260 _aMadrid
_bDykinson
_c[2018]
300 _a366 p.
_c24 cm
490 1 _aCiencias jurídicas y sociales
500 _aTextos en español, francés e italiano
504 _aBibliografía
541 _cCompra
650 4 _aexclusión social
_930629
650 4 _apobreza
_927112
650 4 _alucha contra la pobreza
_930648
650 4 _aintegración social
_927283
650 7 _acohesión social
_930743
650 4 _apolítica social
_927029
650 7 _apolítica de empleo
_928300
650 4 _aderecho del trabajo
_927165
650 4 _aderecho constitucional
_927158
650 4 _aderecho internacional
_926684
650 4 _aderecho comunitario
_929866
650 4 _aEspaña
_926964
650 4 _aAmérica Latina
_926882
650 4 _aderecho comparado
_929868
650 4 _ainvestigación interdisciplinaria
_928841
650 4 _aconferencia
_927013
653 1 0 _aAsuntos Sociales
700 1 _921585
_aQuintanilla Navarro, Raquel Yolanda
_edir.
700 1 _939286
_aMateos y de Cabo, Oscar Ignacio
_ecoord.
700 1 _95852
_aAlcázar Ortiz, Sara
830 0 _aCiencias jurídicas y sociales (Universidad Rey Juan Carlos)
_934297
902 _aLIB Libro
942 _2CES
_cBK
_h3.3.